|
|
|
|
| LEADER |
01319nam a2200313 a 4500 |
| 001 |
4989860 |
| 008 |
090723r19981982enka b 000 1 eng d |
| 010 |
|
|
|a 98195872
|
| 020 |
|
|
|a 0192834398
|
| 040 |
|
|
|a DLC
|c DLC
|d DLC
|
| 082 |
0 |
0 |
|a 823/.8
|2 21
|
| 100 |
1 |
|
|a Dickens, Charles,
|d 1812-1870.
|
| 245 |
1 |
0 |
|a Oliver twist /
|c Charles Dickens ; edited with an introduction and notes by Kathleen Tillotson.
|
| 260 |
|
|
|a Oxford [England] ;
|a New York :
|b Oxford University Press,
|c 1982 [Reprinted 1998].
|
| 300 |
|
|
|a xxviii, 364, [1] pages :
|b illustrations ;
|c 20 cm.
|
| 490 |
1 |
|
|a Oxford world's classics
|
| 504 |
|
|
|a Includes bibliographical references (p. [364]).
|
| 541 |
1 |
|
|e 00011959
|
| 650 |
|
0 |
|a Orphans
|v Fiction.
|
| 650 |
|
0 |
|a Criminals
|v Fiction.
|9 13203
|
| 650 |
|
0 |
|a Kidnapping victims
|v Fiction.
|9 19913
|
| 651 |
|
0 |
|a London (England)
|v Fiction.
|
| 655 |
|
7 |
|a Bildungsromans.
|2 gsafd
|
| 700 |
1 |
|
|a Tillotson, Kathleen,
|d 1906-2001.
|9 60187
|
| 830 |
|
0 |
|a Oxford world's classics (Oxford University Press)
|
| 852 |
4 |
|
|a Ayesha Abed Library
|j General shelf.
|
| 942 |
0 |
0 |
|0 1
|2 ddc
|c BK
|
| 999 |
|
|
|c 2781
|d 2781
|
| 952 |
|
|
|0 0
|1 0
|2 ddc
|4 0
|6 823_800000000000000_DIC
|7 0
|9 2555
|a BRACUL
|b BRACUL
|c GEN
|d 2009-07-23
|g 0.00
|l 18
|m 103
|o 823.8 DIC
|p 3010011959
|r 2026-03-03
|s 2026-02-28
|t 1
|w 2009-07-23
|y BK
|x No price found in the accession register
|